Optimalizácia termoplastického škrobu pre aplikácie v polymérnych zmesiach

Salvato in:
Dettagli Bibliografici
Autore principale: Ivanič, František (Autore)
Altri autori: Chodák, Ivan (Relatore della tesi)
Natura: Manoscritto Libro
Lingua:slovacco
Pubblicazione: 2019
Soggetti:
Accesso online:http://is.stuba.sk/zp/portal_zp.pl?podrobnosti=127853
Tags: Aggiungi Tag
Nessun Tag, puoi essere il primo ad aggiungerne!!

MARC

LEADER 00000ntm a22000003a 4500
001 stuzp54600
003 SK-STU
005 20190824210710.9
007 ta
008 150427s2015----xo-----f-mn---000-0-slo-d
040 |a STU  |b slo 
041 0 |a slo 
100 1 |a Ivanič, František  |u 049370  |4 aut  |U FCHPT Ústav prírodných a syntetických polymérov  |T FCHPT Oddelenie plastov, kaučuku a vlákien  |X 82238  |U C9370  |Y 128  |7 82238 
242 0 1 |a Optimization of thermoplastic starch for applications in polymer blends  |y eng 
245 1 0 |a Optimalizácia termoplastického škrobu pre aplikácie v polymérnych zmesiach 
260 |c 2019 
650 4 |a škrob  |2 slo 
650 4 |a plastifikátor  |2 slo 
650 4 |a mechanické vlastnosti  |2 slo 
650 4 |a glycerín  |2 slo 
650 4 |a močovina  |2 slo 
650 4 |a plastifikácia  |2 slo 
650 4 |a starch  |2 eng 
650 4 |a plasticizer  |2 eng 
650 4 |a mechanical properties  |2 eng 
650 4 |a glycerol  |2 eng 
650 4 |a urea  |2 eng 
650 4 |a plasticization  |2 eng 
700 1 |a Chodák, Ivan  |4 ths  |X 3211  |7 A000003211 
856 4 |u http://is.stuba.sk/zp/portal_zp.pl?podrobnosti=127853